| 000 | 01639nam a22002297a 4500 | ||
|---|---|---|---|
| 001 | 6619 | ||
| 003 | FISKH | ||
| 005 | 20250513143740.0 | ||
| 008 | 250513b cb ||||| |||| 00| 0 eng d | ||
| 040 |
_aFISKH _bkhr _cFISKH _dFISKH |
||
| 082 | _a920 | ||
| 100 | _aSophearin, Som | ||
| 245 |
_aកំនាព្យរឿង សែនធ្ងន់ / _cដោយ សំ សុភារិន្ទ ហៅ ចន្រ្ទ សុភា |
||
| 260 |
_aភ្នំពេញ : _bរោងពុម្ពវិទ្យាស្ថានពុទ្ធសាសនបណ្ឌិត្យ , _c២០០១ . |
||
| 300 |
_a79 pages : _billustrations ; _c21 cm . |
||
| 520 | _aកំណាព្យ «សែនធ្ងន់» ដែលនិពន្ធដោយ សំ សុភារិន្ទ គឺជាកំណាព្យបែបប្រជាជនដែលបង្ហាញពីភាពធ្ងន់ធ្ងរនៃជីវិតប្រជាពលរដ្ឋក្រីក្រ។ កំណាព្យនេះបានបង្ហាញពីភាពលំបាក និងការខ្វះខាតក្នុងជីវិតប្រចាំថ្ងៃរបស់ពួកគេ។ | ||
| 520 | _aThe poem "Saen Thngon" ("Deeply Heavy") written by Som Sopharin is a folk-style poem that portrays the harsh and difficult lives of impoverished citizens. This poem illustrates the struggles and deprivations that they face in their daily lives. | ||
| 650 |
_aសែនធ្ងន់ _vកំនាព្យ |
||
| 650 |
_aDeeply heavy _vPoetry |
||
| 942 |
_2ddc _cKHB _n0 |
||
| 999 |
_c6619 _d6619 |
||